The Lawyer`s English Language Coursebook : B1/B2. Legal English Level Higher /

Gespeichert in:
Bibliographische Detailangaben
1. Verfasser: Mason, Catherine (Verfasst von)
Format: Buch
Sprache:Englisch
Veröffentlicht: London : Global Legal English LTD, 2021
Tags: Tag hinzufügen
Keine Tags, Fügen Sie das erste Tag hinzu!

MARC

LEADER 00000nam a22000003a 4500
001 0140648
003 SK-STU
005 20260325131354.3
007 ta
008 260325s ----xo-----e------000-0-----d
020 |a 978-1-80517-187-4 
040 |a STU  |b slo 
041 0 |a eng 
044 |a xxk 
100 1 |a Mason, Catherine  |4 aut  |r Z6 
245 1 0 |a The Lawyer`s English Language Coursebook :  |b B1/B2. Legal English Level Higher /  |c aut. Catherine Mason 
260 |a London :  |b Global Legal English LTD,  |c 2021 
300 |a 276 s. 
996 |b 284EK91231  |c E* 91231  |l EE01  |s A  |a 24  |w 0140648_0001